| 000 | 00334nam a22001337a 4500 | ||
|---|---|---|---|
| 082 |
_a823 _bPAC/T |
||
| 100 | _aPACES,S E | ||
| 245 | _aTALES FROM THE ARABIAN NIGHTS | ||
| 246 |
_aTALES FROM THE ARABIAN NIGHTS _bTALES FROM THE ARABIAN NIGHTS |
||
| 260 |
_aNEW DELHI _bS. CHAND |
||
| 300 | _a106 | ||
| 650 | _aENGLISH STORY | ||
| 942 | _cBK | ||
| 999 |
_c9015 _d9015 |
||